000 00177nam a22000857a 4500
082 _a894.812
100 _aRANGANADHAN, N
245 _aAYUDHATHININNU LOKATHE RAKSHIKUKA
942 _cBK
999 _c8079
_d8079